|
|
|
|
| LEADER |
01732nam a2200325 a 4500 |
| 001 |
25742 |
| 003 |
BD-DhAAL |
| 008 |
120807s2007 bg b 101 0 eng |
| 999 |
|
|
|c 12751
|d 12751
|
| 020 |
|
|
|a 9789840517886
|
| 020 |
|
|
|a 9840517880
|
| 040 |
|
|
|a BD-DhAAL
|c BD-DhAAL
|
| 082 |
0 |
4 |
|a 328.5492
|2 22
|
| 111 |
2 |
|
|a International Workshop on Parliamentary Committees in Westminster Systems : Lessons for Bangladesh
|d (2005:
|c Dhaka, Bangladesh)
|9 49636
|
| 245 |
1 |
4 |
|a The working of parliamentary committees in Westminster systems :
|b lessons for Bangladesh /
|c edited by Nizam Ahmed, A.T.M. Obaidullah.
|
| 260 |
|
|
|a Dhaka :
|b University Press,
|c 2007.
|
| 300 |
|
|
|a xviii, 244 p. ;
|c 22 cm.
|
| 504 |
|
|
|a Includes bibliographical references(pages [231]-238) and index.
|
| 520 |
|
|
|a Proceedings of the International Workshop on Parliamentary Committees in Westminster Systems : Lessons for Bangladesh, held at Dhaka on 31st July 2005.
|
| 541 |
1 |
|
|e 25742, 38740
|
| 650 |
|
0 |
|a Parliamentary practice
|v Congresses.
|9 49637
|
| 650 |
|
0 |
|a Parliamentary practice
|z Bangladesh
|v Congresses.
|9 49638
|
| 650 |
|
0 |
|a Legislative bodies
|x Committees
|9 49639
|
| 650 |
|
0 |
|a Legislative bodies
|z Bangladesh
|x Committees
|9 49640
|
| 700 |
1 |
|
|a Ahmed, Nizam.
|9 49641
|
| 700 |
1 |
|
|a Obaidullah, A. T. M.
|9 49642
|
| 852 |
1 |
|
|a Ayesha Abed library
|c General Stacks
|
| 942 |
|
|
|2 ddc
|c BK
|
| 952 |
|
|
|0 0
|1 0
|2 ddc
|4 0
|6 328_549200000000000_WOR
|7 0
|9 20998
|a IGS
|b IGS
|c GEN
|d 2012-08-07
|e The University Press Limited
|g 450.00
|l 1
|m 2
|o 328.5492 WOR
|p 3010025742
|r 2014-06-09
|s 2013-02-18
|t 1
|w 2012-08-07
|y BK
|
| 952 |
|
|
|0 0
|1 0
|2 ddc
|4 0
|6 328_549200000000000_WOR
|7 1
|9 71108
|a BRACUL
|b BRACUL
|c CS1
|d 2022-06-23
|e Donated by Akbar Ali Khan
|l 0
|o 328.5492 WOR
|p 3010038740
|r 2022-06-23
|t 2
|w 2022-06-23
|y BK
|